Kênh hình Trong dạy học lịch sử ở trường Trung học phổ thông
Saved in:
| Main Author: | |
|---|---|
| Format: | Book |
| Tags: |
Add Tag
No Tags, Be the first to tag this record!
|
| Institutions: | Mạng thư viện Đại học Đà Nẵng |
|---|
| LEADER | 00675nam a2200205 4500 | ||
|---|---|---|---|
| 001 | 000006427 | ||
| 003 | 2582 | ||
| 005 | 20150812140804.0 | ||
| 008 | 110909s sd | ||
| 100 | 0 | |a Nguyễn Thị Côi | |
| 245 | 0 | 0 | |a Kênh hình |b Trong dạy học lịch sử ở trường Trung học phổ thông |c Nguyễn Thị Côi |
| 774 | |a Nguyễn Thị Côi |d Đại học Quốc gia Hà Nội |d H. |d 2000 |g Tập 1 |h 347 tr |t Lịch sử Việt Nam |w 2583 | ||
| OWN | |a LSP | ||
| 999 | |a From the UDN01 | ||
| TYP | |a Monograph | ||
| TYP | |a Printed language | ||
| 980 | |a Mạng thư viện Đại học Đà Nẵng | ||